| 000 | 00410pab a2200157 454500 | ||
|---|---|---|---|
| 008 | 180718b2010 xxu||||| |||| 00| 0 eng d | ||
| 100 | _aSholkamy, Hania | ||
| 245 | _aPower, politics and development in the Arab context: or how can rearing chicks change patriarchy? | ||
| 260 | _c2010 | ||
| 300 | _ap.254-58. | ||
| 362 | _aJun | ||
| 650 | _aWomen | ||
| 773 | _aDevelopment | ||
| 908 | _aN | ||
| 909 | _a87061 | ||
| 999 |
_c87061 _d87061 |
||